000 01046nam a2200265 a 4500
005 20140310183625.0
008 120907s19uu xx 00 eng d
020 _a9781597496650
050 _aQA 76.9.A25
_b.L68 2012
100 _aWiles, Jack
245 _aLow tech hacking :
_bstreet smarts for security professionals /
_cJack Wiles ... [et al.].
260 _aWaltham, Mass :
_bSyngress,
_c2012.
300 _axix, 243 p. :
_bill. ;
_c25 cm.
500 _aIncludes bibliographical references and index
520 _aCriminals using hacking techniques can cost corporations, governments, and individuals millions of dollars each year. This title contains descriptions of potential threats and vulnerabilities, many of which the majority of the information systems world may be unaware
521 _aIT
650 _aComputer security
650 _aComputer hackers
700 _aGudaitis, Terry
700 _aJabbusch, Jennifer
700 _aRogers, Russ
700 _aLowther, Sean
942 _cBK
_2lcc
_kFOR
999 _c25494
_d25494